The transition from high school to college : an impedance mismatch? (Record no. 78343)

MARC details
000 -CABECERA
campo de control de longitud fija 00653nam a2200229 a 4500
005 - FECHA Y HORA DE LA ÚLTIMA TRANSACCIÓN
campo de control 20210219153507.0
008 - ELEMENTOS DE LONGITUD FIJA--INFORMACIÓN GENERAL
campo de control de longitud fija 991125n 000 0 eng u
035 ## - NÚMERO DE CONTROL DEL SISTEMA
Número de control de sistema UPN01000102758
100 ## - ASIENTO PRINCIPAL--NOMBRE PERSONAL
Nombre de persona Dickie, L. O.
222 ## - TÍTULO CLAVE
Título clave PHYSICS TEACHER
245 ## - MENCIÓN DE TÍTULO
Título The transition from high school to college : an impedance mismatch?
300 ## - DESCRIPCIÓN FÍSICA
Extensión 440-445
362 ## - FECHAS DE PUBLICACIÓN Y/O DESIGNACIÓN SECUENCIAL
Fecha de publicación y/o designación secuencial 1991 29, no. 7
653 0# - TERMINO DE INDIZACION - NO CONTROLADO
Término no controlado CAMBIO DE ACTITUD
653 0# - TERMINO DE INDIZACION - NO CONTROLADO
Término no controlado CARACTERISTICAS DEL ESTUDIANTE
653 0# - TERMINO DE INDIZACION - NO CONTROLADO
Término no controlado ESTUDIANTES DEL CENTRO DE ENSE\197ANZA
653 0# - TERMINO DE INDIZACION - NO CONTROLADO
Término no controlado ESTUDIANTES EN EL COLEGIO
653 0# - TERMINO DE INDIZACION - NO CONTROLADO
Término no controlado FISICA
700 ## - ASIENTO SECUNDARIO--NOMBRE DE PERSONAL
Nombre de persona Farrell, J. E.
904 ## - ELEMENTOS DE DATOS D LOCAL, LDD (RLIN)
a AC
b 040569
905 ## - TIPO DE MATERIAL
Tipo de material Articulo

No items available.